00645nam a2200193Ia 4500008004100000020001800041082002000059100001600079245005300095250000800148260004600156300002300202500001900225600002700244650002000271942000700291952013600298999001700434240925s9999 xx 000 0 und d a9780195477870 a342.5491029 KHA aKhan, Hamid 0aConstitutional and Political History of Pakistan a2nd aKarachi:bOxford University Pressc,2009. a260p.b0fOriginal aIncludes Index aEngineering Technology aSocial Sciences cBK 001040708ETaUITUbUITUd2017-03-27eRoyal Book Companyg675.00l0o342.5491029 KHApQ11190r2024-09-25 07:15:59w2024-09-25yBK c13689d13689